00865nam a22002057a 4500008004100000020001800041040002000059050002800079100001900107245004100126250002100167260005800188300002800246500013500274521004700409526013500456650002100591650002500612651002200637260122b |||||||| |||| 00| 0 eng d a9780195749618 aMksUbeng erda aPR9387.9 .V58bF38 2021 aVitta, Paul B. aFathers of nations /cPaul B. Vitta. a School edition. aNairobi :bOxford University Press East Africa,c2021 avi, 185 pages ; c18 cm aApproved by the Kenya Institute of Curriculum Development (KICD) for use as a Literature in English set book in secondary schools. aRecommended for secondary school students. aApproved by the Kenya Institute of Curriculum Development (KICD) for use as a Literature in English set book in secondary schools. aAfrican fiction. aa Satirical fiction. aAfrica vFiction.